Gaisetsu Nihonkoku Kenpō /
Saved in:
| Corporate Author: | |
|---|---|
| Other Authors: | |
| Format: | Book |
| Language: | Japanese |
| Published: |
Tōkyō :
Kokusho Kankōkai,
Heisei 7 [1995]
|
| Edition: | Zōho hoseiban, dai 1-han. |
| Subjects: | |
| Tags: |
Add Tag
No Tags, Be the first to tag this record!
|
| LEADER | 01129cam a2200313 a 4500 | ||
|---|---|---|---|
| 001 | 007749574-8 | ||
| 005 | 20024617122053.0 | ||
| 008 | 980326s1995 ja a bl 001 0 jpn d | ||
| 020 | |a 433603608X | ||
| 035 | 0 | |a ocm38853293 | |
| 040 | |a MH-HY |c MH-HY |d CStRLIN | ||
| 050 | 1 | 4 | |a KNX2070 |b .G35 1995x |
| 245 | 0 | 0 | |6 880-01 |a Gaisetsu Nihonkoku Kenpō / |c Yoshikawa Satoru ... [et al.]. |
| 246 | 3 | 0 | |6 880-02 |a Nihonkoku Kenpō |
| 250 | |6 880-03 |a Zōho hoseiban, dai 1-han. | ||
| 260 | |6 880-04 |a Tōkyō : |b Kokusho Kankōkai, |c Heisei 7 [1995] | ||
| 300 | |a 366 p. : |b ill. ; |c 22 cm. | ||
| 504 | |a Includes bibliographical references (p. 365-366) and index. | ||
| 650 | 0 | |a Constitutional law |z Japan. | |
| 700 | 1 | |6 880-05 |a Yoshikawa, Satoru, |d 1952- | |
| 710 | 1 | 2 | |6 880-06 |a Japan. |t Kenpō (1946) |
| 880 | 0 | 0 | |6 245-01 |a 概說日本国憲法 / |c 吉川智 ... [et al.]. |
| 880 | 3 | 0 | |6 246-02 |a 日本国憲法 |
| 880 | |6 250-03 |a 増補・補正版, 第1版. | ||
| 880 | |6 260-04 |a 東京 : |b 国書刊行会, |c 平成7 [1995] | ||
| 880 | 1 | |6 700-05 |a 吉川智, |d 1952- | |
| 880 | 1 | 2 | |6 710-06 |a Japan. |t 憲法 (1946) |
| 988 | |a 20021221 | ||
| 906 | |0 MH | ||


